| 000 | 00439pab a2200157 454500 | ||
|---|---|---|---|
| 008 | 180718b2005 xxu||||| |||| 00| 0 eng d | ||
| 100 | _aHaskins, Mark E. | ||
| 245 | _aA planning framework for crafting the required-curriculum phase of an MBA program | ||
| 260 | _c2005 | ||
| 300 | _ap.82-110. | ||
| 362 | _aFeb | ||
| 650 | _aCurriculum | ||
| 650 | _aManagement education | ||
| 773 | _aJournal of Management Education | ||
| 909 | _a63981 | ||
| 999 |
_c63981 _d63981 |
||